000 00744cam a2200265 4500500
005 20260329005110.0
041 _afre
042 _adc
100 1 0 _aDurand, Jean-Marie
_eauthor
245 0 0 _aL’Accélération de l’histoire
260 _c2022.
500 _a45
690 _aAccélération
690 _aAccélérationnisme
690 _aAnthropocène
690 _aDevenir
690 _aHartmut Rosa
690 _aHistoire
690 _aModernité
690 _aMouvement
690 _aMutation
690 _aProgrès
786 0 _nPhilosophie magazine | 160 | 6 | 2022-06-01 | p. 59-59 | 1951-1787
856 4 1 _uhttps://shs.cairn.info/magazine-philosophie-magazine-2022-6-page-59?lang=fr&redirect-ssocas=7080
999 _c1840289
_d1840290